| 000 | 00566nam a2200205Ia 4500 | ||
|---|---|---|---|
| 003 | OSt | ||
| 005 | 20230607084500.0 | ||
| 008 | 210423s2010 xx 000 0 und d | ||
| 040 | _cAL | ||
| 041 | _aeng | ||
| 082 | _a338.9 CHHJ | ||
| 100 |
_aCHHOKAR (K B) _9120830 |
||
| 245 | _aJournal of education for susveinable development | ||
| 260 |
_aNew Delhi _bSage Publications _c2010 |
||
| 365 | _cINR | ||
| 650 |
_aEconomics _9120831 |
||
| 650 |
_aEconomics of Development _9120832 |
||
| 906 | _adevelopment ; education ; Journal ; susveinable | ||
| 942 |
_2ddc _cBK |
||
| 999 |
_c176047 _d176047 |
||